[Event "Hammersmith CC op"]
[Site "London"]
[Date "2022.06.05"]
[Round "6"]
[White "Dsouza, Nikhil"]
[Black "Oh, Julie"]
[Result "0-1"]
[WhiteElo "1570"]
[BlackElo "1616"]
[PlyCount "54"]
[EventDate "2022.06.04"]
[EventType "swiss"]
[EventRounds "6"]
[EventCountry "ENG"]
[SourceTitle "CBM 208 Extra"]
[Source "ChessBase"]
[SourceDate "2022.07.31"]
[SourceVersion "1"]
[SourceVersionDate "2022.07.31"]
[SourceQuality "1"]

1. e4 c5 2. Nf3 e6 3. d4 cxd4 4. Nxd4 Nc6 5. Nc3 a6 6. Be3 Qc7 7. Be2 Nf6 8. Qd2 b5 9. a3 Bb7 10. Rd1 Be7 11. 0-0 h5 12. h3 b4 13. axb4 Bxb4 14. f3 Rc8 15. Nxc6 Qxc6 16. Bd4 Rh6 17. Qf4 Bxc3 18. Bxc3 Qc7 19. Rd6 Rg6 20. Rfd1 Qc5+ 21. Bd4 Qxc2 22. Bxf6 Rxf6 23. Qd2 Qc5+ 24. Kh1 Bc6 25. Bxa6 Rb8 26. Rd4 Qb6 27. Bc4 Qd8 0-1

[Event "Hammersmith CC op U2000"]
[Site "London"]
[Date "2022.06.04"]
[Round "1"]
[White "Rubeck, Jonathan"]
[Black "Dsouza, Nikhil"]
[Result "1-0"]
[WhiteElo "1919"]
[BlackElo "1570"]
[PlyCount "83"]
[EventDate "2022.06.04"]
[EventType "swiss"]
[EventRounds "5"]
[EventCountry "ENG"]
[SourceTitle "CBM 208 Extra"]
[Source "ChessBase"]
[SourceDate "2022.07.31"]
[SourceVersion "1"]
[SourceVersionDate "2022.07.31"]
[SourceQuality "1"]

1. e4 e5 2. Nf3 Nc6 3. d4 exd4 4. Bc4 Bb4+ 5. c3 dxc3 6. bxc3 Bc5 7. Bxf7+ Kxf7 8. Qd5+ Kf8 9. Qxc5+ d6 10. Qc4 h6 11. 0-0 Qe7 12. Nbd2 Nf6 13. Ba3 Be6 14. Qb5 Rb8 15. e5 Ne8 16. Ne4 a6 17. Qb2 Bc4 18. exd6 cxd6 19. Rfe1 Qd7 20. Rad1 Kf7 21. Bxd6 Rd8 22. Nc5 Qc8 23. Bg3 b5 24. Rxd8 Nxd8 25. Qd2 Nc6 26. a3 Nf6 27. h3 Rd8 28. Qc2 a5 29. Nh4 Ne7 30. Nb3 Bd3 31. Qc1 a4 32. Nd4 Ned5 33. Nhf3 Nxc3 34. Ne5+ Kg8 35. Qe3 Bh7 36. Ndc6 Nfd5 37. Qc5 Re8 38. Kh2 Qe6 39. Rc1 Ne2 40. Rd1 Nec3 41. Re1 Rc8 42. Qa7 1-0